Advances in chemical physics
This series provides the chemical physics field with a forum for critical, authoritative evaluations of advances in every area of the discipline. Volume 129 in the series continues to report recent advances with significant, up-to-date chapters by internationally recognized researchers.
Đã lưu trong:
| 格式: | 圖書 |
|---|---|
| 語言: | Undetermined |
| 出版: |
New York, N.Y.
Wiley
2002
|
| 主題: | |
| 標簽: |
添加標簽
沒有標簽, 成為第一個標記此記錄!
|
| Thư viện lưu trữ: | Trung tâm Học liệu Trường Đại học Cần Thơ |
|---|
| LEADER | 00870nam a2200193Ia 4500 | ||
|---|---|---|---|
| 001 | CTU_165893 | ||
| 008 | 210402s9999 xx 000 0 und d | ||
| 020 | |c 258.00 | ||
| 082 | |a 541.3 | ||
| 082 | |b A191/Vol.129 | ||
| 245 | 0 | |a Advances in chemical physics | |
| 245 | 0 | |c Edited by I. Prigogine and Stuart A. Rice. | |
| 260 | |a New York, N.Y. | ||
| 260 | |b Wiley | ||
| 260 | |c 2002 | ||
| 520 | |a This series provides the chemical physics field with a forum for critical, authoritative evaluations of advances in every area of the discipline. Volume 129 in the series continues to report recent advances with significant, up-to-date chapters by internationally recognized researchers. | ||
| 650 | |a Chemistry, Physical and theoretical,Hóa học, vật lý và lý thuyết | ||
| 904 | |i Trọng Hải | ||
| 980 | |a Trung tâm Học liệu Trường Đại học Cần Thơ | ||